| 000 | 00939nam0a22002771 4500 | ||
|---|---|---|---|
| 001 | rc\2812653 | ||
| 005 | 20250806210821.0 | ||
| 035 | _a(NLR Aleph) 006938473 | ||
| 090 |
_a36215 _c36215 |
||
| 100 | _a20110915d1944 u y0rusy50 ca | ||
| 101 | 0 | _arus | |
| 102 | _aRU | ||
| 105 | _aa z ||||| | ||
| 200 | 1 |
_aЛегкие сплавы _fВ. А. Буталов _gПод ред. проф. Ю. В. Баймакова |
|
| 210 |
_a[Ленинград] _cЛениздат _d1944 |
||
| 215 |
_a108 с., 2 л. ил. _cил., черт. _d22 см. |
||
| 320 | _aБиблиогр.: стр. 106 | ||
| 700 | 1 |
_aБуталов _bВ.А. _f1881- _gВладимир Александрович |
|
| 702 | 1 |
_aБаймаков _bЮ.В. _4340 |
|
| 801 | 0 |
_aRU _bNLR _gpsbo |
|
| 801 | 1 |
_aRU _bELAR _2rusmarc |
|
| 852 |
_aNLR _jТ30 Г-5/46 |
||
| 942 | _cBOOK | ||
| 945 | _aРоссийская национальная библиотека | ||
| 980 | _aNB | ||
| 980 | _aBV | ||